[Event "1.CLZ 24/25,Slavoj Litomerice-MGMBA Unichess"]
[Site "Litomerice"]
[Date "2025.03.02"]
[Round "9.7"]
[White "Sokolovsky, Jakub"]
[Black "Slampa, Jan"]
[WhiteElo "2051"]
[BlackElo "2211"]
[Result "0-1"]
[PlyCount "94"]

1. e4 c5 2. Nf3 e6 3. d4 cxd4 4. Nxd4 Nf6 5. Nc3 Nc6 6. Ndb5 d6 7. Bf4 e5 8.
Bg5 Be6 9. Bxf6 gxf6 10. Nd5 Rc8 11. c4 a6 12. Nbc3 f5 13. exf5 Bxf5 14. Bd3
Bxd3 15. Qxd3 Bg7 16. O-O O-O 17. Rad1 f5 18. f3 Rf7 19. Kh1 Kh8 20. b3 Qh4 21.
Ne2 Rcf8 22. Qe3 Bh6 23. Qf2 Qh5 24. Nb6 Qg6 25. Qg3 Qe6 26. Qh3 Rg8 27. Rfe1
Rg6 28. Nd5 Qc8 29. Ng3 Qf8 30. Ne2 Bg5 31. g3 Rh6 32. Qg2 Rg7 33. Rf1 Bh4 34.
Qf2 Bd8 35. Rd2 Ba5 36. Rd3 Qg8 37. a3 Bd8 38. Rfd1 f4 39. g4 Bh4 40. Qg2 e4
41. fxe4 Rxg4 42. Qf1 Bg3 43. h3 Ne5 44. Ne7 Qe8 45. Nf5 Nxd3 46. Rxd3 Qxe4+
47. Qg2 Rxh3+ 0-1

[Event "1.CLZ 24/25,Slavoj Litomerice-MGMBA Unichess"]
[Site "Litomerice"]
[Date "2025.03.02"]
[Round "9.8"]
[White "Bartos, Jan"]
[Black "Kozak, Milos"]
[WhiteElo "2118"]
[BlackElo "2045"]
[Result "1-0"]
[PlyCount "79"]

1. e4 c6 2. Nf3 d5 3. d3 g6 4. e5 c5 5. d4 cxd4 6. Qxd4 Nc6 7. Bb5 a6 8. Bxc6+
bxc6 9. Qc3 Qd7 10. O-O e6 11. Be3 Bg7 12. Nbd2 Bb7 13. Rad1 Qc7 14. Nb3 Ne7
15. Qa5 Qxa5 16. Nxa5 Bc8 17. Bc5 Bd7 18. Rd3 Rb8 19. Rb3 Rb5 20. Nb7 Nc8 21.
Re1 f6 22. Bd4 f5 23. Bc5 h6 24. Nd4 Rxb3 25. Nxb3 Kf7 26. Bd4 Ne7 27. Nd6+ Kg8
28. Nc5 Nc8 29. Nxd7 Nxd6 30. exd6 Bxd4 31. Rxe6 Bxb2 32. Re8+ Kg7 33. Rxh8
Kxh8 34. Nb8 c5 35. d7 Bf6 36. Nc6 d4 37. Kf1 Kg8 38. d8=Q+ Bxd8 39. Nxd8 c4
40. Ke2 1-0

[Event "1.CLZ 24/25,TJ Pankrac-Sokol Vysehrad"]
[Site "Praha"]
[Date "2025.03.02"]
[Round "9.1"]
[White "Eret, Matous"]
[Black "Kusa, Jakub"]
[WhiteElo "2321"]
[BlackElo "2417"]
[Result "1/2-1/2"]
[PlyCount "68"]

1. c4 e6 2. g3 d5 3. Bg2 Nf6 4. Nf3 Be7 5. O-O O-O 6. d4 dxc4 7. Ne5 Nc6 8.
Nxc6 bxc6 9. Nc3 Nd5 10. Qa4 Nb6 11. Qxc6 Rb8 12. Bf4 Bd6 13. Qf3 Bb7 14. e4
Bxf4 15. Qxf4 Qxd4 16. Qxc7 Rfc8 17. Qe7 Qc5 18. Qxc5 Rxc5 19. Rfd1 Kf8 20. Rd2
Ke7 21. Kf1 Bc6 22. Ke2 Nd7 23. Ke3 Ne5 24. h3 Nd3 25. Bf1 Rxb2 26. Bxd3 Rxd2
27. Kxd2 cxd3 28. Kxd3 f5 29. f3 fxe4+ 30. fxe4 Rg5 31. g4 h5 32. Rg1 Kd6 33.
Kd4 g6 34. Rg3 a6 1/2-1/2

[Event "1.CLZ 24/25,TJ Pankrac-Sokol Vysehrad"]
[Site "Praha"]
[Date "2025.03.02"]
[Round "9.2"]
[White "Bujnoch, Radek"]
[Black "Dolezal, Radoslav"]
[WhiteElo "2319"]
[BlackElo "2324"]
[Result "1/2-1/2"]
[PlyCount "48"]

1. d4 Nf6 2. c4 e6 3. Nf3 d5 4. Nc3 c6 5. e3 Be7 6. Be2 O-O 7. O-O b6 8. b3 Bb7
9. Bb2 Nbd7 10. Rc1 Rc8 11. Qd3 Rc7 12. Ne5 Nxe5 13. dxe5 Nd7 14. f4 dxc4 15.
bxc4 Nc5 16. Qc2 Rd7 17. Rcd1 Rxd1 18. Rxd1 Qc7 19. Bf3 Rd8 20. Ne2 Rxd1+ 21.
Qxd1 Nd7 22. Nc3 Nc5 23. Ne2 Nd7 24. Nc3 Nc5 1/2-1/2

[Event "1.CLZ 24/25,TJ Pankrac-Sokol Vysehrad"]
[Site "Praha"]
[Date "2025.03.02"]
[Round "9.3"]
[White "Simet, Martin"]
[Black "Serrano, Salvador"]
[WhiteElo "2158"]
[BlackElo "2259"]
[Result "0-1"]
[PlyCount "70"]

1. d4 d6 2. Nf3 g6 3. Bf4 Bg7 4. e3 Nd7 5. c4 e5 6. Bg3 exd4 7. exd4 Ne7 8. Nc3
O-O 9. Bd3 Nc6 10. Ne2 Nb6 11. h3 Nb4 12. Bb1 c5 13. a3 Nc6 14. b3 d5 15. cxd5
Qxd5 16. Ra2 cxd4 17. O-O Be6 18. Rd2 Qxb3 19. Qxb3 Bxb3 20. Nexd4 Nxd4 21.
Nxd4 Ba4 22. Nf3 Nc4 23. Rd3 Rfd8 24. Rc1 b5 25. Bh4 Rxd3 26. Bxd3 Nxa3 27. Rc7
b4 28. Be4 Rb8 29. Rxa7 Bb3 30. Be7 Nb5 31. Ra5 Nc3 32. Bc6 Bf8 33. Bf6 Ne2+
34. Kf1 Nf4 35. Ne5 Be6 0-1

[Event "1.CLZ 24/25,TJ Pankrac-Sokol Vysehrad"]
[Site "Praha"]
[Date "2025.03.02"]
[Round "9.4"]
[White "Jurek, Josef"]
[Black "Constantinou, Peter"]
[WhiteElo "2175"]
[BlackElo "2213"]
[Result "1/2-1/2"]
[PlyCount "41"]

1. Nf3 d5 2. d4 c6 3. c4 e6 4. Qc2 Bd6 5. Bg5 Ne7 6. e4 dxe4 7. Qxe4 Nd7 8. Nc3
h6 9. Bd2 a6 10. c5 Bc7 11. Bc4 Nf6 12. Qe2 Nf5 13. Rd1 Nxd4 14. Nxd4 Qxd4 15.
Bxh6 Qg4 16. Qxg4 Nxg4 17. Bxg7 Rg8 18. Bd4 e5 19. Be3 Nxe3 20. fxe3 Rxg2 21.
Rd2 1/2-1/2

[Event "1.CLZ 24/25,TJ Pankrac-Sokol Vysehrad"]
[Site "Praha"]
[Date "2025.03.02"]
[Round "9.5"]
[White "Matras, Ondrej"]
[Black "Netusil, Miloslav"]
[WhiteElo "2109"]
[BlackElo "2120"]
[Result "1-0"]
[PlyCount "77"]

1. d4 d5 2. c4 e6 3. Nf3 Nf6 4. Nc3 c6 5. Bg5 Be7 6. e3 Nbd7 7. Qc2 O-O 8. cxd5
exd5 9. Bd3 Re8 10. O-O Nf8 11. Bxf6 Bxf6 12. b4 Bg4 13. Nd2 a6 14. a4 Qd6 15.
Nb3 g6 16. b5 cxb5 17. axb5 Rec8 18. Nc5 axb5 19. Nxb5 Qb8 20. Rxa8 Qxa8 21.
Nd6 Rc7 22. Qb3 Be6 23. Ndxb7 Nd7 24. Rb1 Nxc5 25. Nxc5 Be7 26. Na6 Rc8 27. Qb5
Kg7 28. h3 h5 29. Kf1 Rc3 30. Qb7 Qd8 31. Ke2 Qa5 32. Qxe7 Qa2+ 33. Kf3 Rxd3
34. Rb8 Bg4+ 35. hxg4 hxg4+ 36. Kg3 Qxa6 37. Qe5+ f6 38. Qc7+ Kh6 39. Rh8+ 1-0

[Event "1.CLZ 24/25,TJ Pankrac-Sokol Vysehrad"]
[Site "Praha"]
[Date "2025.03.02"]
[Round "9.6"]
[White "Sedy, Pavel"]
[Black "Sindler, Michal"]
[WhiteElo "2121"]
[BlackElo "2160"]
[Result "1/2-1/2"]
[PlyCount "280"]

1. d4 Nf6 2. c4 g6 3. Nc3 Bg7 4. e4 d6 5. Nf3 O-O 6. h3 e5 7. d5 a5 8. Bg5 Na6
9. Bd3 Bd7 10. Qd2 Nc5 11. Bc2 Qb8 12. a4 c6 13. O-O Na6 14. Rfe1 Nb4 15. Bd1
Rc8 16. b3 c5 17. Nh2 h5 18. Rc1 Re8 19. Nb5 Nh7 20. Be3 Nf6 21. f3 b6 22. g4
Kh7 23. Rc3 Rh8 24. Bf2 Na6 25. Bg3 Ne8 26. Rc1 Nac7 27. Nc3 Qd8 28. h4 Qe7 29.
Kh1 hxg4 30. fxg4 Kg8 31. Qf2 Bf6 32. g5 Bg7 33. Kg2 f6 34. Qe3 Bf8 35. Nf3 Ng7
36. gxf6 Qxf6 37. Ng5 Qe7 38. Rf1 Be8 39. Rc2 Nh5 40. Rcf2 Bh6 41. Bg4 Bxg5 42.
hxg5 Nxg3 43. Kxg3 Rd8 44. Qf3 Bd7 45. Qf6 Rh7 46. Qxe7 Rxe7 47. Rf6 Be8 48.
Be6+ Kg7 49. Rf8 Rxe6 50. dxe6 Nxe6 51. R8f2 Nxg5 52. Kh4 Ne6 53. Nd5 g5+ 54.
Kg4 Bg6 55. Ne7 Nf4 56. Nxg6 Kxg6 57. Rd2 Ne6 58. Rf5 Nd4 59. Rxg5+ Kf6 60.
Rf2+ Ke6 61. Rg7 Rd7 62. Rg6+ Ke7 63. Rff6 Nxb3 64. Re6+ Kd8 65. Rxd6 Nd2 66.
Rxd7+ Kxd7 67. Rxb6 Nxc4 68. Rb5 Kc6 69. Kf5 Nd6+ 70. Kxe5 Nxb5 71. axb5+ Kxb5
72. Kd5 c4 73. e5 c3 74. e6 c2 75. e7 c1=Q 76. e8=Q+ Kb4 77. Qe7+ Kb3 78. Qb7+
Ka2 79. Kd6 Qa3+ 80. Kd7 Qd3+ 81. Ke8 Qg6+ 82. Kf8 Qf6+ 83. Kg8 Qg5+ 84. Kh7
Qf5+ 85. Kh6 Qe6+ 86. Kh7 a4 87. Qg2+ Ka3 88. Qg3+ Kb4 89. Qb8+ Kc5 90. Qa7+
Kb5 91. Qb8+ Qb6 92. Qe8+ Qc6 93. Qe2+ Kb6 94. Qe3+ Kb7 95. Kh8 Qc8+ 96. Kh7
Qc7+ 97. Kg8 Qd8+ 98. Kg7 Qc7+ 99. Kg8 Qc4+ 100. Kh8 Qb3 101. Qe7+ Kc6 102.
Qe8+ Kc5 103. Qe7+ Kc4 104. Qe6+ Kc3 105. Qe5+ Kc2 106. Qe2+ Kb1 107. Qe1+ Ka2
108. Kg7 a3 109. Kf8 Qb8+ 110. Ke7 Qc7+ 111. Ke8 Qc5 112. Qe6+ Kb2 113. Qe2+
Kb3 114. Qd3+ Kb4 115. Qb1+ Ka5 116. Qe1+ Kb6 117. Qd2 Qe5+ 118. Kf7 Qb2 119.
Qe3+ Ka5 120. Qc5+ Ka4 121. Qc4+ Qb4 122. Qa6+ Kb3 123. Qd3+ Ka2 124. Ke8 Qb8+
125. Kd7 Kb2 126. Qd4+ Kb3 127. Qd3+ Ka2 128. Qc2+ Qb2 129. Qc4+ Kb1 130. Qd3+
Kc1 131. Qf1+ Kd2 132. Qf2+ Kc3 133. Qc5+ Kd3 134. Qf5+ Kc4 135. Qe6+ Kc5 136.
Qc6+ Kb4 137. Qb6+ Kc3 138. Qe3+ Kc2 139. Qe4+ Kc1 140. Qe1+ Kc2 1/2-1/2

[Event "1.CLZ 24/25,TJ Pankrac-Sokol Vysehrad"]
[Site "Praha"]
[Date "2025.03.02"]
[Round "9.7"]
[White "Postupa, Pavel"]
[Black "Filipi, Stepan"]
[WhiteElo "2159"]
[BlackElo "2135"]
[Result "1/2-1/2"]
[PlyCount "80"]

1. e4 c5 2. Nf3 e6 3. g3 Nc6 4. Bg2 Nf6 5. Qe2 e5 6. c3 d6 7. O-O Bg4 8. d3 Qd7
9. Re1 Be7 10. Nbd2 O-O 11. Nc4 h6 12. Ne3 Be6 13. Nh4 Rfe8 14. Nd5 Bd8 15. Be3
Ng4 16. Nf5 Bxf5 17. exf5 Nxe3 18. Nxe3 Bg5 19. Qf3 Ne7 20. Nc4 b5 21. Na3 Rab8
22. h4 Bf6 23. Bh3 d5 24. Nc2 d4 25. g4 Nd5 26. Bg2 Nf4 27. cxd4 cxd4 28. Nb4
Bxh4 29. Nc6 Nxg2 30. Qxg2 Rbc8 31. Nxe5 Qd6 32. Nf3 Bg5 33. Rxe8+ Rxe8 34. Re1
Rxe1+ 35. Nxe1 Qb4 36. Qa8+ Kh7 37. Nf3 Qxb2 38. Qxa7 Qb1+ 39. Kg2 Qxd3 40.
Qxd4 Qc2 1/2-1/2

[Event "1.CLZ 24/25,TJ Pankrac-Sokol Vysehrad"]
[Site "Praha"]
[Date "2025.03.02"]
[Round "9.8"]
[White "Svatos, Jan"]
[Black "Soucek, Jan"]
[WhiteElo "2125"]
[BlackElo "2231"]
[Result "1-0"]
[PlyCount "129"]

1. e4 c6 2. d4 d5 3. Nd2 dxe4 4. Nxe4 Nf6 5. Nxf6+ exf6 6. Bc4 Bd6 7. Ne2 O-O
8. O-O Qc7 9. g3 Bg4 10. f3 Be6 11. Bxe6 fxe6 12. Bf4 Nd7 13. Bxd6 Qxd6 14. Qd3
c5 15. Rad1 Nb6 16. c4 cxd4 17. Qxd4 Qxd4+ 18. Nxd4 e5 19. Ne6 Rfc8 20. b3 Kf7
21. Rd6 Re8 22. Nc5 Re7 23. Rfd1 Rc8 24. Ne4 Rcc7 25. c5 Nc8 26. Rd8 Kg6 27. b4
a6 28. Nc3 Rf7 29. Kf2 Ne7 30. a3 Nc6 31. R8d6 Nd4 32. Ne2 Nxe2 33. Kxe2 Rfe7
34. Ke3 h6 35. R1d5 Kf7 36. Ke4 Re6 37. Rxe6 Kxe6 38. Rd6+ Ke7 39. h4 h5 40.
Rb6 g6 41. g4 hxg4 42. fxg4 Rd7 43. Ke3 Kf7 44. Rd6 Re7 45. Ke4 Kg7 46. a4 Kf7
47. h5 Kg7 48. b5 axb5 49. axb5 f5+ 50. gxf5 gxf5+ 51. Kxf5 e4 52. Rd2 e3 53.
Re2 Kh6 54. Kf4 Rc7 55. Rxe3 Rxc5 56. Re6+ Kg7 57. Re5 Rc1 58. Re7+ Kf6 59.
Rxb7 Rc4+ 60. Ke3 Rh4 61. h6 Ke5 62. h7 Rh3+ 63. Kf2 Kd6 64. Kg2 Rh5 65. Kg3
 1-0

[Event "1.CLZ 24/25,Zikuda Turnov B-TJ Neratovice"]
[Site "Turnov"]
[Date "2025.03.02"]
[Round "9.1"]
[White "Haba, Petr"]
[Black "Kawulok, Marek"]
[WhiteElo "2404"]
[BlackElo "2217"]
[Result "1/2-1/2"]
[PlyCount "73"]

1. Nf3 d5 2. g3 Nf6 3. Bg2 e6 4. O-O Be7 5. d3 c5 6. Nbd2 Nc6 7. e4 Qc7 8. Re1
b6 9. exd5 Nxd5 10. d4 cxd4 11. Nb3 O-O 12. Nfxd4 Nxd4 13. Nxd4 Bb7 14. Qe2 Bf6
15. Nb5 Qc6 16. Be4 a6 17. Na3 Qc7 18. Qh5 g6 19. Qf3 Be7 20. Qb3 Rac8 21. Bh6
Rfd8 22. Rac1 Bf8 23. Bg5 Rd7 24. c4 Nb4 25. Bf4 Qd8 26. Bxb7 Rxb7 27. Rcd1 Rd7
28. Be3 Rxd1 29. Rxd1 Qc7 30. Qa4 Rd8 31. Rxd8 Qxd8 32. Nb1 Qd3 33. Nd2 Nc2 34.
Qb3 Qxb3 35. Nxb3 Nxe3 36. fxe3 Bd6 37. Nc1 1/2-1/2

[Event "1.CLZ 24/25,Zikuda Turnov B-TJ Neratovice"]
[Site "Turnov"]
[Date "2025.03.02"]
[Round "9.2"]
[White "Skypala, Ondrej"]
[Black "Cech, Pavel"]
[WhiteElo "2191"]
[BlackElo "2315"]
[Result "1-0"]
[PlyCount "95"]

1. c4 c6 2. Nf3 d5 3. g3 Nf6 4. Bg2 Bf5 5. cxd5 cxd5 6. Qb3 Qc8 7. Nc3 e6 8.
O-O Nc6 9. d3 Be7 10. Bf4 O-O 11. Rfe1 Bg4 12. Ne5 Nxe5 13. Bxe5 Nd7 14. Bf4
Nc5 15. Qb5 Qc6 16. d4 Nd7 17. h3 Bf5 18. Qxc6 bxc6 19. e4 dxe4 20. Nxe4 Nb6
21. Bd6 Nc8 22. Be5 Nb6 23. Rac1 Rac8 24. Bd6 Bxe4 25. Bxe7 Rfe8 26. Bxe4 Rxe7
27. Rxc6 Rd8 28. d5 exd5 29. Bxh7+ Kf8 30. Rxe7 Kxe7 31. Bd3 Rd6 32. Rc7+ Rd7
33. Rxd7+ Kxd7 34. Kf1 Kd6 35. Ke2 Na4 36. Bb5 Nxb2 37. Kd2 Kc5 38. Kc2 Kxb5
39. Kxb2 Kc4 40. Kc2 d4 41. h4 d3+ 42. Kd2 Kd4 43. f3 f5 44. h5 a5 45. a4 Kc4
46. g4 fxg4 47. fxg4 Kd4 48. g5 1-0

[Event "1.CLZ 24/25,Zikuda Turnov B-TJ Neratovice"]
[Site "Turnov"]
[Date "2025.03.02"]
[Round "9.3"]
[White "Sodoma, Jan"]
[Black "Paulus, Vaclav"]
[WhiteElo "2354"]
[BlackElo "2116"]
[Result "1-0"]
[PlyCount "91"]

1. Nf3 Nf6 2. c4 g6 3. b3 Bg7 4. Bb2 O-O 5. g3 c5 6. Bg2 d6 7. d4 Nc6 8. O-O
Bg4 9. d5 Na5 10. Qe1 b5 11. Bc3 b4 12. Bb2 Qd7 13. Nbd2 Bh3 14. e4 Bxg2 15.
Kxg2 e5 16. Qe2 Nb7 17. Ne1 Rae8 18. Nd3 h5 19. Rae1 h4 20. Qd1 Nh5 21. f4 exf4
22. Bxg7 Kxg7 23. gxf4 f6 24. f5 Qf7 25. Qg4 g5 26. e5 dxe5 27. Ne4 Rh8 28. Kh1
h3 29. Nxe5 Rxe5 30. Nxg5 fxg5 31. Rxe5 Nf6 32. Qxg5+ Kf8 33. Re6 Ne8 34. f6
Nbd6 35. Qe5 Rh5 36. Qe3 a5 37. Qg3 Nf5 38. Qg4 Nxf6 39. Qf4 Ng4 40. Ree1 Ngh6
41. Rg1 Ng7 42. Qd6+ Kg8 43. Rxg7+ Qxg7 44. Rg1 Ng4 45. Qe6+ Kh7 46. Rxg4 1-0

[Event "1.CLZ 24/25,Zikuda Turnov B-TJ Neratovice"]
[Site "Turnov"]
[Date "2025.03.02"]
[Round "9.4"]
[White "Mik, Tomas"]
[Black "Vitak, Jiri"]
[WhiteElo "2073"]
[BlackElo "2287"]
[Result "0-1"]
[PlyCount "108"]

1. e4 c5 2. Nf3 d6 3. d4 cxd4 4. Nxd4 Nf6 5. Nc3 a6 6. Be2 e5 7. Nb3 Be6 8. O-O
Be7 9. Kh1 O-O 10. f4 exf4 11. Bxf4 Nc6 12. Qe1 Ne8 13. Rd1 Bf6 14. Qg3 Be5 15.
Bxe5 Nxe5 16. Nd4 Nf6 17. Rd2 Qe7 18. Rfd1 Rad8 19. Qf4 Qc7 20. Qg5 Kh8 21. Rf1
Ng8 22. Qh4 Ne7 23. Nf5 f6 24. Nd4 Bg8 25. Qg3 Qb6 26. h4 Qc7 27. h5 h6 28.
Rfd1 b5 29. a3 f5 30. exf5 Nxf5 31. Nxf5 Rxf5 32. Ne4 d5 33. Bg4 Rff8 34. Nc3
Qb8 35. Ne2 Nc4 36. Qxb8 Rxb8 37. Rd4 Nxb2 38. Rb1 Nc4 39. Nf4 Bh7 40. Ne6 Rf6
41. Re1 Nxa3 42. Rxd5 Nxc2 43. Re2 Bg8 44. Rxc2 Bxe6 45. Bxe6 Rxe6 46. Rc7 Reb6
47. Rdd7 Rg8 48. Rb7 Rxb7 49. Rxb7 Rf8 50. Kh2 Rf5 51. g4 Rf3 52. Kg2 Ra3 53.
Kf2 Kh7 54. Ke2 Rg3 0-1

[Event "1.CLZ 24/25,Zikuda Turnov B-TJ Neratovice"]
[Site "Turnov"]
[Date "2025.03.02"]
[Round "9.5"]
[White "Kucera, Petr"]
[Black "Novotny, Martin"]
[WhiteElo "2225"]
[BlackElo "2110"]
[Result "1/2-1/2"]
[PlyCount "88"]

1. d4 Nf6 2. Nf3 e6 3. Bf4 d5 4. e3 Bd6 5. Nbd2 c5 6. c3 Qc7 7. Bg3 Nbd7 8. Bd3
O-O 9. O-O e5 10. dxe5 Nxe5 11. Nxe5 Bxe5 12. Bxe5 Qxe5 13. Qf3 Bg4 14. Qf4
Rfe8 15. Rfe1 Rad8 16. Bb5 Re7 17. Qxe5 Rxe5 18. h3 Bf5 19. g4 Bc8 20. Rad1 a6
21. Bf1 Rde8 22. Bg2 R5e7 23. Nb3 c4 24. Nc1 Rd8 25. Rd4 h6 26. Red1 Red7 27.
Ne2 b5 28. Nf4 Bb7 29. Bf3 g5 30. Ne2 Bc6 31. Ng3 Ne8 32. Nf5 Kh7 33. Kg2 Nc7
34. R4d2 Ne6 35. Nd4 Bb7 36. Nxe6 fxe6 37. e4 Rf8 38. exd5 exd5 39. Kg3 Rdf7
40. Bg2 Kg7 41. Re1 a5 42. a3 Ba8 43. Ree2 b4 44. axb4 axb4 1/2-1/2

[Event "1.CLZ 24/25,Zikuda Turnov B-TJ Neratovice"]
[Site "Turnov"]
[Date "2025.03.02"]
[Round "9.6"]
[White "Fajman, Petr"]
[Black "Liska, Jiri"]
[WhiteElo "2090"]
[BlackElo "2279"]
[Result "1-0"]
[PlyCount "87"]

1. d4 Nf6 2. c4 e5 3. dxe5 Ng4 4. Nf3 Nc6 5. Nc3 Bc5 6. e3 O-O 7. Be2 Ngxe5 8.
O-O Re8 9. Nd4 Bf8 10. f4 Nxd4 11. exd4 Nc6 12. d5 Bc5+ 13. Kh1 Nd4 14. Bd3 d6
15. f5 Qh4 16. Bd2 Re5 17. Rf4 Qd8 18. Qf1 Bd7 19. Ne4 c6 20. b4 cxd5 21. Nxc5
dxc5 22. bxc5 Nc6 23. Bc3 d4 24. Bxd4 Nxd4 25. Rxd4 Qc7 26. f6 Rh5 27. Qg1 g6
28. Rd5 Rh4 29. Re1 Be6 30. Rd6 b6 31. Qf2 Rh5 32. Qf3 Rf8 33. g4 Rh4 34. Qc6
Qb8 35. Rexe6 fxe6 36. g5 bxc5 37. Qd7 Rf7 38. Qxe6 Rd4 39. Rxd4 cxd4 40. c5
Kf8 41. Bc4 Qb1+ 42. Kg2 Qc2+ 43. Kg3 Qc3+ 44. Kh4 1-0

[Event "1.CLZ 24/25,Zikuda Turnov B-TJ Neratovice"]
[Site "Turnov"]
[Date "2025.03.02"]
[Round "9.7"]
[White "Zima, Jan"]
[Black "Purnoch, Josef"]
[WhiteElo "2211"]
[BlackElo "2149"]
[Result "1/2-1/2"]
[PlyCount "67"]

1. e4 c5 2. Nf3 Nc6 3. Bb5 e5 4. O-O Bd6 5. Re1 Nge7 6. c3 a6 7. Bf1 O-O 8. a4
Bc7 9. d4 cxd4 10. cxd4 Nxd4 11. Nxd4 exd4 12. Qxd4 d5 13. Bg5 dxe4 14. Qxe4
Qd6 15. g3 Ng6 16. Nc3 Be6 17. Bg2 Rab8 18. Rad1 Qe5 19. Be3 Bb3 20. Rd7 Qxe4
21. Bxe4 Ba5 22. Ra1 b6 23. Ra7 Rfe8 24. Bg2 Ne5 25. Bf4 Rbd8 26. Bxe5 Rxe5 27.
Rxa6 Rc5 28. h4 h6 29. Ra3 Bc4 30. Ra8 Rxa8 31. Bxa8 Bb4 32. Ra1 Bb3 33. Nb5
Rc2 34. Nd4 1/2-1/2

[Event "1.CLZ 24/25,Zikuda Turnov B-TJ Neratovice"]
[Site "Turnov"]
[Date "2025.03.02"]
[Round "9.8"]
[White "Veny, Jaume"]
[Black "Sykora, Marek"]
[WhiteElo "1928"]
[BlackElo "2235"]
[Result "0-1"]
[PlyCount "100"]

1. Nf3 d5 2. d4 Nf6 3. Bg5 c6 4. e3 h6 5. Bxf6 exf6 6. Bd3 Be6 7. Nbd2 Nd7 8.
O-O f5 9. c4 Bd6 10. Rb1 O-O 11. b4 Nf6 12. c5 Bc7 13. Qc2 f4 14. exf4 Bxf4 15.
b5 Re8 16. bxc6 bxc6 17. Qa4 Bd7 18. Ba6 Rb8 19. Rxb8 Bxb8 20. Re1 Rxe1+ 21.
Nxe1 Bf4 22. Nf1 Ne4 23. Qb4 Bc8 24. Bxc8 Qxc8 25. f3 Ng5 26. Nd3 Qf5 27. Qc3
Bc7 28. Nb4 Qg6 29. Qe3 Kf8 30. g3 a5 31. Nd3 Qf6 32. f4 Ne6 33. Ne5 Bxe5 34.
fxe5 Qf5 35. Nd2 Qc2 36. a3 g5 37. h3 a4 38. Nf3 Ke7 39. Kf1 Qf5 40. Kg2 h5 41.
Ne1 Qb1 42. Nf3 Qc2+ 43. Kg1 g4 44. hxg4 hxg4 45. Nh4 Kd7 46. Ng2 Qd1+ 47. Ne1
Nxd4 48. Kf2 Ne6 49. Nd3 Qc2+ 50. Kf1 Qb3 0-1

[Event "1.CLZ 24/25,Ricany 1925-DP Praha"]
[Site "Ricany"]
[Date "2025.03.02"]
[Round "9.1"]
[White "Smolik, Jachym"]
[Black "Stohl, Igor"]
[WhiteElo "2308"]
[BlackElo "2399"]
[Result "1/2-1/2"]
[PlyCount "26"]

1. Nf3 Nf6 2. c4 b6 3. g3 Bb7 4. Bg2 c5 5. O-O e6 6. Nc3 Be7 7. Re1 d5 8. cxd5
Nxd5 9. Nxd5 Qxd5 10. e4 Qd3 11. Bf1 Qd8 12. d4 O-O 13. Bg2 cxd4 1/2-1/2

[Event "1.CLZ 24/25,Ricany 1925-DP Praha"]
[Site "Ricany"]
[Date "2025.03.02"]
[Round "9.2"]
[White "Burdalev, Kirill"]
[Black "Seidl, Jan"]
[WhiteElo "2340"]
[BlackElo "2292"]
[Result "1/2-1/2"]
[PlyCount "65"]

1. d4 Nf6 2. Nf3 d5 3. e3 e6 4. Bd3 c5 5. b3 cxd4 6. exd4 Nc6 7. a3 Be7 8. Nbd2
a6 9. Bb2 b5 10. O-O O-O 11. Ne5 Bb7 12. Qf3 Qb6 13. Qh3 Nxe5 14. dxe5 Ne4 15.
Rae1 Rac8 16. Re2 b4 17. axb4 Bxb4 18. Qh4 Bxd2 19. Rxd2 h6 20. Re2 Nc5 21. Bd4
Qb4 22. c3 Qxb3 23. Rb1 Qa3 24. Bc2 Ba8 25. c4 Rb8 26. Ra1 Qb4 27. Re3 Ne4 28.
Bxe4 dxe4 29. h3 Qxc4 30. Rg3 Qxd4 31. Qf6 Qxa1+ 32. Kh2 g6 33. Rxg6+ 1/2-1/2

[Event "1.CLZ 24/25,Ricany 1925-DP Praha"]
[Site "Ricany"]
[Date "2025.03.02"]
[Round "9.3"]
[White "Prazak, Daniel"]
[Black "Hrabusa, Matej"]
[WhiteElo "2336"]
[BlackElo "2369"]
[Result "1/2-1/2"]
[PlyCount "36"]

1. e4 c5 2. Nf3 d6 3. d4 cxd4 4. Nxd4 Nf6 5. Nc3 a6 6. h3 e6 7. g4 Nfd7 8. Bg2
Nc6 9. O-O Be7 10. Be3 O-O 11. Nce2 Nde5 12. b3 Ng6 13. Qd2 Nxd4 14. Nxd4 Qc7
15. c4 Rd8 16. Rad1 e5 17. Nf5 Be6 18. a4 b6 1/2-1/2

[Event "1.CLZ 24/25,Ricany 1925-DP Praha"]
[Site "Ricany"]
[Date "2025.03.02"]
[Round "9.4"]
[White "Plischki, Sebastian"]
[Black "Trickov, Vasil"]
[WhiteElo "2311"]
[BlackElo "2298"]
[Result "1-0"]
[PlyCount "53"]

1. d4 d5 2. c4 c6 3. Nf3 Nf6 4. e3 Bf5 5. Nc3 e6 6. Nh4 Bg4 7. Qb3 Qb6 8. h3
Bh5 9. g4 Bg6 10. Nxg6 hxg6 11. g5 Ng8 12. c5 Qc7 13. e4 Nd7 14. exd5 exd5 15.
Ne2 Rh4 16. Qg3 Qxg3 17. fxg3 Rh8 18. Bg2 Be7 19. O-O b6 20. b4 a5 21. b5 Rc8
22. bxc6 Rxc6 23. Nc3 bxc5 24. Bxd5 Rd6 25. Bxf7+ Kd8 26. dxc5 Nxc5 27. Ba3 1-0

[Event "1.CLZ 24/25,Ricany 1925-DP Praha"]
[Site "Ricany"]
[Date "2025.03.02"]
[Round "9.5"]
[White "Lajbl, Jan"]
[Black "Pachmann, Ales"]
[WhiteElo "2237"]
[BlackElo "2276"]
[Result "1-0"]
[PlyCount "81"]

1. d4 Nf6 2. c4 g6 3. Nc3 Bg7 4. e4 O-O 5. Be3 d6 6. f3 Nfd7 7. h4 c5 8. h5 Nc6
9. d5 Nd4 10. Qd2 Qa5 11. Rc1 b5 12. cxb5 a6 13. Bh6 Bxh6 14. Qxh6 Nf6 15. Bd3
c4 16. Bb1 axb5 17. e5 dxe5 18. hxg6 fxg6 19. Bxg6 Bf5 20. Bxf5 Nxf5 21. Qg5+
Ng7 22. a3 Rad8 23. Nge2 Rxd5 24. Kf1 Rd3 25. Qxe5 Ng4 26. Qe4 h5 27. Nf4 Qa7
28. Nxd3 cxd3 29. Nd1 Nf5 30. Qe6+ Kg7 31. Rxh5 Ng3+ 32. Ke1 Qg1+ 33. Kd2 Qxg2+
34. Kc3 Ne2+ 35. Kb4 Rf4+ 36. Ka5 Ra4+ 37. Kb6 Qg1+ 38. Rcc5 Nf6 39. Rhg5+ Qxg5
40. Rxg5+ Kf8 41. Re5 1-0

[Event "1.CLZ 24/25,Ricany 1925-DP Praha"]
[Site "Ricany"]
[Date "2025.03.02"]
[Round "9.6"]
[White "Fedorov, Evgenii"]
[Black "Le, Anh"]
[WhiteElo "2239"]
[BlackElo "2233"]
[Result "1-0"]
[PlyCount "81"]

1. e4 Nf6 2. e5 Nd5 3. c4 Nb6 4. d4 d6 5. exd6 exd6 6. Nc3 Be7 7. Be2 O-O 8.
Be3 Na6 9. Nf3 Bg4 10. O-O c6 11. b3 Nc7 12. Qc2 g6 13. Rad1 d5 14. Ne5 Be6 15.
f4 f5 16. Nb1 Nd7 17. Nd2 Nf6 18. Ndf3 Ne4 19. c5 Kg7 20. b4 a5 21. a3 h6 22.
Rb1 axb4 23. axb4 Nb5 24. Bxb5 cxb5 25. Ra1 g5 26. Qd3 g4 27. Nd2 Rxa1 28. Rxa1
Nxd2 29. Bxd2 Bf6 30. Qxb5 Bxe5 31. fxe5 f4 32. Qxb7+ Rf7 33. Qc6 Bd7 34. Qd6
f3 35. gxf3 gxf3 36. Qxh6+ Kg8 37. Kf2 Rg7 38. Rg1 Rxg1 39. Kxg1 Qe8 40. Qg5+
Kh7 41. Qh4+ 1-0

[Event "1.CLZ 24/25,Ricany 1925-DP Praha"]
[Site "Ricany"]
[Date "2025.03.02"]
[Round "9.7"]
[White "Starek, Stanislav"]
[Black "Pribyl, Josef"]
[WhiteElo "2193"]
[BlackElo "2181"]
[Result "0-1"]
[PlyCount "80"]

1. d4 Nf6 2. c4 g6 3. f3 d5 4. cxd5 Nxd5 5. e4 Nb6 6. Nc3 Bg7 7. Be3 Nc6 8. d5
Nb8 9. Qd2 c6 10. O-O-O cxd5 11. Bh6 Kf8 12. exd5 N8d7 13. h4 Nf6 14. h5 gxh5
15. Bxg7+ Kxg7 16. Qg5+ Kf8 17. Qh6+ Kg8 18. Nh3 Bf5 19. Nf4 Bg6 20. g4 hxg4
21. Bd3 Qf8 22. Qh4 Qg7 23. fxg4 Rc8 24. Kb1 Rxc3 25. Bxg6 Rc4 26. g5 hxg6 27.
Qxh8+ Qxh8 28. Rxh8+ Kxh8 29. gxf6 exf6 30. Ne2 Rc7 31. Nc3 f5 32. d6 Rd7 33.
Nb5 a6 34. Nc7 Kg8 35. a4 Rd8 36. a5 Nc4 37. d7 Kf8 38. b4 Ne5 39. b5 axb5 40.
Nxb5 Ke7 0-1

[Event "1.CLZ 24/25,Ricany 1925-DP Praha"]
[Site "Ricany"]
[Date "2025.03.02"]
[Round "9.8"]
[White "Tuma, Jakub"]
[Black "Vystrcil, Martin"]
[WhiteElo "2184"]
[BlackElo "2101"]
[Result "0-1"]
[PlyCount "54"]

1. e4 Nf6 2. e5 Nd5 3. c4 Nb6 4. d4 d6 5. exd6 cxd6 6. Nc3 g6 7. Nf3 Bg7 8. Be2
O-O 9. O-O Nc6 10. Be3 Bg4 11. b3 d5 12. c5 Nc8 13. h3 Bxf3 14. Bxf3 e6 15. b4
a6 16. b5 axb5 17. Nxb5 N8e7 18. g4 b6 19. Qc1 Ra4 20. Rb1 bxc5 21. dxc5 Rxa2
22. Bh6 Ne5 23. Bg2 Nd3 24. Qe3 Bxh6 25. Qxd3 Qa5 26. Qg3 Nc6 27. Qd6 Rc8 0-1

[Event "1.CLZ 24/25,Spartak Vlasim-Lysa nad Labem B"]
[Site "Vlasim"]
[Date "2025.03.02"]
[Round "9.1"]
[White "Rydl, Jiri"]
[Black "Kraus, Tomas"]
[WhiteElo "2393"]
[BlackElo "2447"]
[Result "1/2-1/2"]
[PlyCount "52"]

1. c4 c5 2. Nc3 e6 3. Nf3 Nf6 4. d4 d5 5. cxd5 exd5 6. Bg5 Be6 7. e3 c4 8. Ne5
Qa5 9. Bxf6 gxf6 10. Nf3 Bb4 11. Qc1 Nd7 12. a3 Bxc3+ 13. Qxc3 Qxc3+ 14. bxc3
Ke7 15. Be2 b5 16. Kd2 a5 17. Rhb1 Rab8 18. Bd1 Bf5 19. Bc2 Bxc2 20. Kxc2 f5
21. Rb2 Rb6 22. Nh4 Ke6 23. f3 Nf8 24. g3 Ng6 25. Ng2 Rhb8 26. Rab1 Ne7 1/2-1/2